000 00526nam a2200193Ia 4500
003 OSt
005 20220926041222.0
006 a|||||r|||| 00| 0
007 ta
008 220923b |||||||| |||| 00| 0 eng d
037 _cGeneral Book
040 _aRTL
_cRTL
_beng
041 _2eng
_aeng
082 _aY:1:6, J71
100 _aSorokin Pitirim A
_979470
245 0 _aSocial and cultural dynamics
_b A study of change i
942 _hY:1:6, J71
_cGB
_2CC
999 _c666674
_d666674